Los recursos humanos en el desarrollo de América Latina: notas para una política

Saved in:
Bibliographic Details
Main Author: Lederman, Esteban (Author)
Format: Book
Language:Spanish
Published: Santiago CEPAL 1971
Santiago ILPES 1971
Series:Cuadernos del Instituto Latinoamericano de Planificación Económica y Social. Serie II, 9
Subjects:
Tags: Add Tag
No Tags, Be the first to tag this record!

MARC

LEADER 00000nam a2200000 a 4500
001 UCR9444
003 CL-VaPUC
008 980613e19710000cl |||||||||||||||||spa|d
082 0 4 |a 331.11  |b LED  |2 21 
100 0 |a Lederman, Esteban  |e author  |9 412000 
245 1 4 |a Los recursos humanos en el desarrollo de América Latina: notas para una política 
300 |a 77 p 
942 |c BK 
945 |d 19980613 00:00:00  |a crobeson 
260 |a Santiago  |b CEPAL  |c 1971 
260 |a Santiago  |b ILPES  |c 1971 
650 0 |a Recursos humanos   |9 228420 
650 0 |a Desarrollo económico y social   |9 256320 
650 0 |a Empleo  |9 339124 
651 0 |a América Latina   |9 255027 
583 |a last modification  |c 20130816 05:22:07  |k Rodrigo Vera 
490 0 |a Cuadernos del Instituto Latinoamericano de Planificación Económica y Social. Serie II, 9 
999 |c 270639  |d 270637